Welcome to CU Library Online Public Access Catalogue (OPAC)

Principles and Practice of Marketing (Record no. 4427)

MARC details
000 -LEADER
fixed length control field 00466nam a22001697a 4500
005 - DATE AND TIME OF LATEST TRANSACTION
control field 20250228134210.0
008 - FIXED-LENGTH DATA ELEMENTS--GENERAL INFORMATION
fixed length control field 250228b |||||||| |||| 00| 0 eng d
020 ## - INTERNATIONAL STANDARD BOOK NUMBER
International Standard Book Number 9780077123307
050 ## - LIBRARY OF CONGRESS CALL NUMBER
Classification number HF5415
Item number .J5 JOB
100 ## - MAIN ENTRY--PERSONAL NAME
Personal name Jobber David
245 ## - TITLE STATEMENT
Title Principles and Practice of Marketing
Statement of responsibility, etc. David Jobber
250 ## - EDITION STATEMENT
Edition statement 6th Ed.
260 ## - PUBLICATION, DISTRIBUTION, ETC.
Place of publication, distribution, etc. London
Name of publisher, distributor, etc. McGraw-Hill
Date of publication, distribution, etc. 2010
300 ## - PHYSICAL DESCRIPTION
Extent xxx. 946p.
Other physical details ill. col.
Dimensions 26 cm
650 ## - SUBJECT ADDED ENTRY--TOPICAL TERM
Source of heading or term Marketing
942 ## - ADDED ENTRY ELEMENTS (KOHA)
Source of classification or shelving scheme Library of Congress Classification
Koha item type Books
Edition 6th Ed.
Suppress in OPAC No
999 ## -
-- 4427
-- 4427
Holdings
Withdrawn status Lost status Source of classification or shelving scheme Damaged status Not for loan Collection Home library Current library Shelving location Date acquired Total checkouts Full call number Barcode Date last seen Copy number Price effective from Koha item type
    Library of Congress Classification     Non-fiction Business Library (Miotso) Business Library (Miotso) General stacks 02/28/2025   HF5415 .J5 JOB BSSM00001099 02/28/2025 1 02/28/2025 Books
    Library of Congress Classification       Graduate Library (Christ Temple) Graduate Library (Christ Temple) General stacks 01/22/2026   HF5415.J5JOB gsct00002028 01/22/2026   01/22/2026 Books
    Library of Congress Classification       Graduate Library (Christ Temple) Graduate Library (Christ Temple) General stacks 01/22/2026   HF5415.J5JOB gsct00002029 01/22/2026   01/22/2026 Books
    Library of Congress Classification     Non-fiction Undergraduate Library (Christ Temple) Undergraduate Library (Christ Temple) General stacks 05/07/2025   HF5415.J5 ulct00002264 05/07/2025 1 05/07/2025 Books
    Library of Congress Classification     Non-fiction Undergraduate Library (Christ Temple) Undergraduate Library (Christ Temple) General stacks 05/07/2025   HF5415.J5 ulct00002265 05/07/2025 2 05/07/2025 Books
© 2023-2024 Copyright: Central University Libraries. All Rights Reserved | Created by: Mahone Tech Office